Catálogo de los manuscritos del archivo de don Valentín Gómez Farías : obrantes en la Universidad de Texas, Colección Latinoamericana /

En la Colección Latinoamericana, perteneciente a la Universidad de Texas, se encuentran los archivos de don Valentín Gómez Farías (1781-1858), luchador que ocupó los más altos cargos desde la época que siguió al imperio de don Agustín de Iturbide hasta la Reforma. En este catálogo se incluyen todos...

Fuld beskrivelse

Guardado en:
Bibliografiske detaljer
Hovedforfatter: Ynsfran, Pablo Max (autor)
Format: Bog
Sprog:spansk
Udgivet: México : Jus, 1968, c1968
Serier:(Independent Mexico in Documents. Independence, Empire and Republic ; 3)
Fag:
Tags: Tilføj Tag
Ingen Tags, Vær først til at tagge denne postø!

MARC

LEADER 00000nam^a2200000^a^4500
001 000111313
005 20250521000000.0
009 20260310093826.242
037 |a Acervo ITESO - Biblioteca 
041 |a ESP 
082 |a 972. 040016  |b YNS 
100 |a Ynsfran, Pablo Max  |e (autor) 
245 1 0 |a Catálogo de los manuscritos del archivo de don Valentín Gómez Farías :  |b obrantes en la Universidad de Texas, Colección Latinoamericana /  |c P.M. Ynsfran. 
264 4 |a México :  |b Jus,  |c 1968, c1968 
300 |a XII, 566 p. 
336 |a texto  |b txt  |2 rdacontenido 
337 |a sin mediación  |b n  |2 rdamedio 
338 |a volumen  |b nc  |2 rdasoporte 
440 1 |a (Independent Mexico in Documents.  |p Independence, Empire and Republic ;  |v 3) 
520 |a En la Colección Latinoamericana, perteneciente a la Universidad de Texas, se encuentran los archivos de don Valentín Gómez Farías (1781-1858), luchador que ocupó los más altos cargos desde la época que siguió al imperio de don Agustín de Iturbide hasta la Reforma. En este catálogo se incluyen todos los documentos que se encuentran en la colección. 
649 |a XX 
650 |a Políticos Mexicanos -  |x Bibliografías 
650 |a Manuscritos -  |z México -  |x Catálogos 
650 |a México -  |x Historia -  |y Siglo XIX 
650 |a México -  |x Historia -  |x Catálogos 
650 |a México -  |x Historia -  |x Bibliografías 
910 |a Fondo Salvador Reynoso Reynoso 
920 |a Impresos - Libros 
930 |a Fondos Especiales 
905 |a 112 
901 |a 0800001207  |b IT2  |c ESP  |u 20250521 
902 |a https://opac.biblio.iteso.mx/vufind/Record/000111313